Seek and Destroy, by Metallica Lyrics - Statistics

General Stats
  • This quiz has been taken 26 times
  • The average score is 172 of 225
Answer Stats
Lyrics % Correct
a
100%
an
100%
destroy
100%
Seek
100%
seek
100%
in
94%
the
94%
and
88%
And
88%
fight
88%
for
88%
looking
88%
On
88%
on
88%
start
88%
to
88%
tonight
88%
we
88%
you
88%
You
88%
city
82%
dying
82%
our
82%
Our
82%
scene
82%
There
82%
thousand
82%
up
82%
it
76%
no
76%
One
76%
one
76%
Running
76%
running
76%
scanning
76%
Searching
76%
deaths
71%
evil
71%
go
71%
is
71%
There's
71%
there's
71%
way
71%
will
71%
won't
71%
anymore
65%
escape
65%
Hiding
65%
hiding
65%
know
65%
live
65%
new
65%
sure
65%
that's
65%
thing
65%
This
65%
We're
65%
you're
65%
are
59%
away
59%
brains
59%
but
59%
feeling
59%
minds
59%
nothing
59%
only
59%
Say
59%
world
59%
always
53%
drives
53%
end
53%
giving
53%
goodbye
53%
insane
53%
now
53%
pay
53%
take
53%
Until
53%
us
53%
'Cause
47%
Don't
47%
dreams
47%
find
47%
fulfilled
47%
try
47%
with
47%
kill
41%
fire
35%
taking
35%
been
24%
You've
24%
No matching quizzes found
Score Distribution
Percent of People with Each Score
Percentile by Number Answered
Your Score History
You have not taken this quiz